№ 11/12; Технология легких сплавов

Dettagli Bibliografici
Parent link:Технология легких сплавов: научно-технический бюллетень/ ВИЛС. № 11/12.— , 1979-1981
Lingua:russo
Pubblicazione: 1980
Natura: MixedMaterials Libro
KOHA link:https://koha.lib.tpu.ru/cgi-bin/koha/opac-detail.pl?biblionumber=527869

MARC

LEADER 00000nam2a2200000 4500
001 527869
005 20231101111951.0
035 |a (RuTPU)RU\TPU\prd\211984 
035 |a RU\TPU\prd\211974 
090 |a 527869 
100 |a 20140204a19791981k y0rusy50 ca 
101 0 |a rus 
102 |a RU 
200 0 |a № 11/12 
210 |d 1980 
461 1 |0 (RuTPU)RU\TPU\prd\1009  |t Технология легких сплавов  |o  научно-технический бюллетень  |f ВИЛС  |v № 11/12  |d 1979-1981 
801 0 |a RU  |b 63413507  |c 20010227  |g PSBO 
801 1 |a RU  |b 63413507  |c 20060912  |g PSBO 
801 2 |a RU  |b 63413507  |c 20140204  |g PSBO 
942 |c BK 
999 |a НТБ_ТПУ  |b НФ  |e -14/20140109  |p П-9072  |u 0,00  |v 1